02768cam a22003735a 4500999001700000001000900017005001700026008004100043010001700084020002400101020001500125035002400140040006200164043001200226082002100238100003000259245007200289250001300361260004100374300004200415504005300457505099700510520028801507650005101795650005201846650004201898651001001940653002501950655001401975942000801989952012701997952012702124952014302251 c26950d269221880998920181105105232.0151006t2017 maua frb 001 0 eng d a 2015954157 a9781305576247 (hbk) a1305576241 a(OCoLC)ocn947778532 aHNKbengcHNKdYDXCPdIULdOCLCFdIAKdYDXdDLCdEG-ScBUE an-us---04a658.421bKUR2221 aKuratko, Donald F.94190010aEntrepreneurship :btheory, process, practice /cDonald F. Kuratko. a10th ed. aBoston :bCengage Learning,cc.2017. axxxi, 465 p. :bill. (col.) ;c29 cm. aIncludes bibliographical references and indexes.0 aPart 1: The entrepreneurial mind-set in the twenty-first century. Entrepreneurship : evolutionary development - revolutionary impact ; The entrepreneurial mind-set in individuals : cognition and ethics ; The entrepreneurial mind-set in organizations : corporate entrepreneurship ; Social entrepreneurship and the global environment for entrepreneurship -- Part 2: Initiating entrepreneurial ventures. Innovation : the creative pursuit of ideas ; Assessment of entrepreneurial opportunities ; Pathways to entrepreneurial ventures ; Sources of capital for entrepreneurs -- Part 3: Developing the entrepreneurial plan. Legal challenges for entrepreneurial ventures ; Marketing challenges for entrepreneurial ventures ; Financial preparation for entrepreneurial ventures ; Developing an effective business plan -- Part 4: Growth strategies for entrepreneurial ventures. Strategic entrepreneurial growth ; Valuation of entrepreneurial ventures ; Harvesting the entrepreneurial venture -- Glossary. aThis text combines a step-by-step approach with a theoretical foundation to form a basic framework for understanding the process of entrepreneurship. The aim of the text is to present contemporary thinking in entrepreneurship and provide learners with the opportunity to apply ideas. 7aEntrepreneurshipzUnited States.2BUEsh936665 7aNew business enterpriseszUnited States.2BUEsh 7aSmall businesszUnited States.2BUEsh 2BUEsh bBUSADMcNovember2018 vText book 2ddc 00102ddc40708BaccahaMAINbMAINc1STd2018-11-05ePurchaseg550.00l0o658.421 KURp000043808r2025-07-15 00:00:00yNB 00102ddc40708BaccahaMAINbMAINc1STd2018-11-05ePurchaseg550.00l0o658.421 KURp000043809r2025-07-15 00:00:00yBB 00102ddc40708BaccahaMAINbMAINc1STd2018-11-05ePurchasel3o658.421 KURp000043810q2025-11-20r2025-10-21 00:00:00s2025-10-21yBB